000 00563nam a2200217Ia 4500
003 OSt
005 20220928151231.0
006 a|||||r|||| 00| 0
007 ta
008 220927b |||||||| |||| 00| 0 eng d
024 _a119666
037 _cTextual
040 _aSDCL
_cSDCL
_beng
041 _2eng
_aeng
082 _aB8, L5.1-.2
100 _aRoman Paul
_9516492
245 0 _aSome modern mathematics for physicists and other outsiders.2V.
260 _c1975
942 _hB8, L5.1-.2
_cTEXL
_2CC
999 _c850288
_d850288